[Event "USA tt"]
[Site "ICC INT"]
[Date "2010.09.07"]
[Round "3"]
[White "Jones, Craig W"]
[Black "Kaufman, Raymond"]
[Result "0-1"]
[WhiteElo "2241"]
[BlackElo "2286"]
[PlyCount "52"]
[GameId "1166653493616640"]
[EventDate "2010.08.23"]
[EventType "team"]
[EventRounds "10"]
[EventCountry "USA"]
[SourceTitle "CBM 138 Extra"]
[Source "ChessBase"]
[SourceDate "2010.10.29"]
[SourceVersion "1"]
[SourceVersionDate "2010.10.29"]
[SourceQuality "1"]

1. Nf3 Nf6 2. c4 b6 3. Nc3 Bb7 4. d4 e6 5. Bg5 Bb4 6. Qc2 h6 7. Bh4 O-O 8. e3 d6 9. Bd3 Nbd7 10. e4 e5 11. O-O-O Bxc3 12. Qxc3 Re8 13. dxe5 dxe5 14. Bc2 Qe7 15. Nd2 Rad8 16. f3 Nc5 17. g4 a5 18. Rhg1 Rd7 19. g5 Nh7 20. f4 Red8 21. gxh6 Qxh4 22. Rxg7+ Kh8 23. Qxe5 Nf6 24. Qf5 Rxd2 25. Rxd2 Qe1+ 26. Rd1 Qe3+ 0-1

[Event "Continental Class-ch"]
[Site "Arlington"]
[Date "2010.10.07"]
[Round "1"]
[White "Kaufman, Raymond"]
[Black "Collier, Philip M"]
[Result "1-0"]
[WhiteElo "2307"]
[BlackElo "2039"]
[PlyCount "59"]
[GameId "1166653670621184"]
[EventDate "2010.10.07"]
[EventType "swiss"]
[EventRounds "9"]
[EventCountry "USA"]
[SourceTitle "CBM 138 Extra"]
[Source "ChessBase"]
[SourceDate "2010.10.29"]
[SourceVersion "1"]
[SourceVersionDate "2010.10.29"]
[SourceQuality "1"]

1. d4 e6 2. c4 Nf6 3. Nf3 d5 4. g3 dxc4 5. Bg2 Bb4+ 6. Bd2 Qe7 7. Qa4+ Nc6 8. Ne5 Bxd2+ 9. Nxd2 O-O 10. Nxc6 bxc6 11. Nxc4 Bd7 12. O-O c5 13. Qa3 Rab8 14. dxc5 Bb5 15. Rac1 a6 16. Ne5 Bxe2 17. Nc6 Qe8 18. Rfe1 Bb5 19. Nxb8 Qxb8 20. Qb3 Qa7 21. a4 Bd7 22. c6 Bc8 23. a5 Ne8 24. Red1 Nd6 25. Qa3 Re8 26. Rxd6 cxd6 27. Qxd6 e5 28. c7 Bf5 29. Qxe5 Be6 30. c8=Q 1-0

[Event "Continental Class-ch"]
[Site "Arlington"]
[Date "2010.10.09"]
[Round "4"]
[White "Wang, Kevin A"]
[Black "Kaufman, Raymond"]
[Result "1-0"]
[WhiteElo "2152"]
[BlackElo "2307"]
[PlyCount "87"]
[GameId "1166653670813696"]
[EventDate "2010.10.07"]
[EventType "swiss"]
[EventRounds "9"]
[EventCountry "USA"]
[SourceTitle "CBM 138 Extra"]
[Source "ChessBase"]
[SourceDate "2010.10.29"]
[SourceVersion "1"]
[SourceVersionDate "2010.10.29"]
[SourceQuality "1"]

1. e4 c5 2. Nf3 d6 3. d4 cxd4 4. Nxd4 Nf6 5. Nc3 g6 6. Be3 a6 7. f3 b5 8. g4 Bb7 9. Bd3 Bg7 10. Qd2 h5 11. e5 Nxg4 12. fxg4 Bxe5 13. Rf1 hxg4 14. Qf2 Bf6 15. O-O-O Nd7 16. Be4 Bxe4 17. Nxe4 Qc7 18. Nxf6+ exf6 19. Qg2 Rc8 20. Bf4 Ne5 21. Bg3 f5 22. Kb1 Kf8 23. Qd5 Kg7 24. c3 Rhe8 25. Nc2 Re6 26. Nb4 Nc4 27. Qd4+ Kg8 28. Rfe1 Rce8 29. Nd5 Qd8 30. b3 Rxe1 31. Bxe1 Na3+ 32. Kc1 Re2 33. Bd2 Qh4 34. Nf6+ Kf8 35. Qxd6+ Kg7 36. Nd7 Qe7 37. Qd4+ f6 38. Nc5 b4 39. Qxb4 Nb5 40. a4 Nc7 41. Bf4 Re1 42. Nd3 Rxd1+ 43. Kxd1 Qd7 44. Qd6 1-0

[Event "Philadelphia National op 41st"]
[Site "Philadelphia"]
[Date "2010.11.26"]
[Round "2"]
[White "Kaufman, Raymond"]
[Black "Bodek, Michael H"]
[Result "1-0"]
[WhiteElo "2294"]
[BlackElo "2190"]
[PlyCount "85"]
[GameId "1166653877288960"]
[EventDate "2010.11.26"]
[EventType "swiss"]
[EventRounds "6"]
[EventCountry "USA"]
[SourceTitle "CBM 139 Extra"]
[Source "ChessBase"]
[SourceDate "2011.01.05"]
[SourceVersion "1"]
[SourceVersionDate "2011.01.05"]
[SourceQuality "1"]

1. d4 Nf6 2. c4 e6 3. Nc3 Bb4 4. Qc2 d5 5. cxd5 exd5 6. Bg5 h6 7. Bxf6 Qxf6 8. a3 Ba5 9. b4 Bb6 10. e3 c6 11. Nxd5 Qf5 12. Qxf5 Bxf5 13. Nf4 a5 14. b5 a4 15. Bd3 g5 16. Bxf5 gxf4 17. bxc6 Nxc6 18. Rb1 Ba5+ 19. Ke2 O-O 20. Nf3 fxe3 21. fxe3 Rab8 22. Rb5 Bc7 23. Rhb1 Bd6 24. Rxb7 Bxa3 25. Bd7 Rxb7 26. Rxb7 Na5 27. Ra7 Nc4 28. Rb7 Na5 29. Ra7 Nc4 30. Rxa4 Nb6 31. Rxa3 Nxd7 32. Ra7 Nb6 33. Ne5 f6 34. Ng4 h5 35. Nh6+ Kh8 36. Rb7 Nd5 37. e4 Nf4+ 38. Kf3 Ne6 39. Nf5 Re8 40. h4 Rc8 41. Rb6 Rc3+ 42. Kf2 Rc2+ 43. Kg3 1-0

[Event "Philadelphia National op 41st"]
[Site "Philadelphia"]
[Date "2010.11.28"]
[Round "5"]
[White "Hungaski, Robert Andrew"]
[Black "Kaufman, Raymond"]
[Result "1/2-1/2"]
[WhiteElo "2451"]
[BlackElo "2294"]
[PlyCount "82"]
[GameId "1166653877444608"]
[EventDate "2010.11.26"]
[EventType "swiss"]
[EventRounds "6"]
[EventCountry "USA"]
[SourceTitle "CBM 139 Extra"]
[Source "ChessBase"]
[SourceDate "2011.01.05"]
[SourceVersion "1"]
[SourceVersionDate "2011.01.05"]
[SourceQuality "1"]

1. d4 Nf6 2. c4 e6 3. Nc3 Bb4 4. e3 O-O 5. Bd3 c5 6. Nf3 Nc6 7. O-O Bxc3 8. bxc3 d6 9. Qc2 e5 10. dxc5 dxc5 11. Ng5 h6 12. Ne4 Nxe4 13. Bxe4 f5 14. Bd5+ Kh7 15. Rb1 Qf6 16. Qa4 Ne7 17. Bxb7 Rb8 18. Be4 Rxb1 19. Bxb1 Bb7 20. f3 Qb6 21. Ba3 Bc6 22. Qb3 Qa5 23. Bc2 Rd8 24. Rb1 Rd7 25. Bc1 Qd8 26. h3 Rb7 27. Qa3 Rxb1 28. Bxb1 Qd1+ 29. Kf2 e4 30. f4 Nc8 31. Qxc5 Qxc1 32. Qxf5+ g6 33. Qf7+ Kh8 34. Qf8+ Kh7 35. Qf7+ Kh8 36. Bxe4 Qd2+ 37. Kf1 Qd1+ 38. Kf2 Qd2+ 39. Kg3 Qxe3+ 40. Kh2 Qxe4 41. Qf8+ Kh7 1/2-1/2

[Event "Northern California op"]
[Site "Fremont"]
[Date "2012.01.02"]
[Round "1"]
[White "Friedel, Joshua E"]
[Black "Kaufman, Raymond"]
[Result "1-0"]
[WhiteElo "2523"]
[BlackElo "2261"]
[PlyCount "63"]
[GameId "1166655177474048"]
[EventDate "2012.01.02"]
[EventType "swiss"]
[EventRounds "9"]
[EventCountry "USA"]
[SourceTitle "CBM 146 Extra"]
[Source "ChessBase"]
[SourceDate "2012.02.29"]
[SourceVersion "1"]
[SourceVersionDate "2012.02.29"]
[SourceQuality "1"]

1. e4 e6 2. d4 d5 3. Nd2 c5 4. Ngf3 cxd4 5. Nxd4 Nc6 6. Bb5 Bd7 7. Nxc6 Bxc6 8. Bxc6+ bxc6 9. c4 Nf6 10. Qa4 Qd7 11. e5 Ng8 12. O-O Ne7 13. Nf3 Ng6 14. Be3 Be7 15. Rac1 Rd8 16. cxd5 cxd5 17. Qa5 Qb7 18. Rc7 Qxb2 19. Qa4+ Kf8 20. Qxa7 Qb8 21. Rfc1 Qxa7 22. Rxa7 f6 23. Rcc7 Kf7 24. Nh4 d4 25. Bd2 Rb8 26. g3 Rhe8 27. Nxg6 hxg6 28. a3 Rbc8 29. Rxc8 Rxc8 30. Bb4 Re8 31. a4 Kf8 32. Rxe7 1-0

[Event "Northern California op"]
[Site "Fremont"]
[Date "2012.01.03"]
[Round "2"]
[White "Kaufman, Raymond"]
[Black "Chevannes, Sabrina"]
[Result "1/2-1/2"]
[WhiteElo "2261"]
[BlackElo "2067"]
[PlyCount "73"]
[GameId "1166655177592832"]
[EventDate "2012.01.02"]
[EventType "swiss"]
[EventRounds "9"]
[EventCountry "USA"]
[SourceTitle "CBM 146 Extra"]
[Source "ChessBase"]
[SourceDate "2012.02.29"]
[SourceVersion "1"]
[SourceVersionDate "2012.02.29"]
[SourceQuality "1"]

1. d4 d5 2. c4 e6 3. Nf3 Be7 4. g3 Nf6 5. Bg2 O-O 6. Nbd2 c5 7. cxd5 exd5 8. dxc5 Bxc5 9. O-O Nc6 10. b3 Qe7 11. Bb2 Re8 12. Rc1 Ba3 13. Qc2 Bxb2 14. Qxb2 Qxe2 15. Rfe1 Qa6 16. Rxe8+ Nxe8 17. Ne5 Be6 18. Nxc6 bxc6 19. Nf3 Nf6 20. Nd4 Bd7 21. Rc5 Re8 22. h3 Re1+ 23. Kh2 Ne4 24. Rc2 c5 25. Nf3 Rd1 26. Qe5 h6 27. Qb8+ Kh7 28. Ne5 Be6 29. Qe8 Qb7 30. f4 Qb4 31. Nxf7 Bxf7 32. Qxf7 Qe1 33. Qf5+ Kg8 34. Qc8+ Kh7 35. Qf5+ Kg8 36. Qc8+ Kh7 37. Qf5+ 1/2-1/2

[Event "Northern California op"]
[Site "Fremont"]
[Date "2012.01.03"]
[Round "3"]
[White "Xiong, Jeffery"]
[Black "Kaufman, Raymond"]
[Result "0-1"]
[WhiteElo "2097"]
[BlackElo "2261"]
[PlyCount "78"]
[GameId "1166655177785344"]
[EventDate "2012.01.02"]
[EventType "swiss"]
[EventRounds "9"]
[EventCountry "USA"]
[SourceTitle "CBM 146 Extra"]
[Source "ChessBase"]
[SourceDate "2012.02.29"]
[SourceVersion "1"]
[SourceVersionDate "2012.02.29"]
[SourceQuality "1"]

1. e4 c5 2. Nf3 e6 3. Qe2 Nc6 4. g3 g6 5. Bg2 Bg7 6. O-O Nge7 7. d3 d6 8. c3 b5 9. e5 d5 10. Re1 Rb8 11. Nbd2 O-O 12. Nf1 b4 13. c4 dxc4 14. dxc4 Nf5 15. Be3 Qb6 16. Rad1 Bb7 17. g4 Nxe3 18. Qxe3 Rfd8 19. Ng3 Nd4 20. Nxd4 cxd4 21. Qf4 Bxg2 22. Kxg2 Qc6+ 23. Re4 Qxc4 24. Rexd4 Rxd4 25. Rxd4 Qc5 26. Re4 Qd5 27. b3 Rb5 28. Qe3 Bxe5 29. Kh3 f5 30. Rc4 f4 31. Qxa7 Rb7 32. Rc8+ Kg7 33. Qa8 fxg3 34. g5 h5 35. Rg8+ Kh7 36. Qf8 Bg7 37. Rh8+ Bxh8 38. Qh6+ Kg8 39. Qxg6+ Kf8 0-1

[Event "Northern California op"]
[Site "Fremont"]
[Date "2012.01.04"]
[Round "4"]
[White "Kaufman, Raymond"]
[Black "Macieja, Bartlomiej"]
[Result "1-0"]
[WhiteElo "2261"]
[BlackElo "2617"]
[PlyCount "111"]
[GameId "1166655177826304"]
[EventDate "2012.01.02"]
[EventType "swiss"]
[EventRounds "9"]
[EventCountry "USA"]
[SourceTitle "CBM 146 Extra"]
[Source "ChessBase"]
[SourceDate "2012.02.29"]
[SourceVersion "1"]
[SourceVersionDate "2012.02.29"]
[SourceQuality "1"]

1. d4 Nf6 2. c4 e6 3. Nf3 Bb4+ 4. Bd2 c5 5. Bxb4 cxb4 6. Nbd2 O-O 7. e3 d6 8. Be2 Nc6 9. O-O e5 10. a3 bxa3 11. Rxa3 Re8 12. Nb3 Bg4 13. h3 Bh5 14. Re1 Qb6 15. d5 Nb4 16. Nh4 Bg6 17. Nxg6 hxg6 18. g3 Ne4 19. Kg2 a5 20. h4 Nc5 21. h5 Nxb3 22. hxg6 Nc5 23. gxf7+ Kxf7 24. Bh5+ Ke7 25. Qg4 Rg8 26. Qg5+ Kd7 27. Bf7 Qd8 28. Qg4+ Kc7 29. Bxg8 Qxg8 30. Rh1 e4 31. Qg6 Rf8 32. Rh7 Rf7 33. Rxa5 Qf8 34. Kg1 Nd7 35. Ra8 Nb8 36. Rh8 Qxh8 37. Qxf7+ Kb6 38. Qe7 Qh5 39. Rxb8 Qd1+ 40. Kh2 Qh5+ 41. Qh4 Qf3 42. Qd8+ Kc5 43. Rc8+ Nc6 44. dxc6 Qxf2+ 45. Kh3 Qf1+ 46. Kh4 Qh1+ 47. Kg5 Qh6+ 48. Kf5 g6+ 49. Kf6 g5+ 50. Kf5 Qh3+ 51. Kg6 Qe6+ 52. Kg7 b6 53. Qxg5+ Kxc4 54. Rf8 d5 55. c7 Qd7+ 56. Rf7 1-0

[Event "Northern California op"]
[Site "Fremont"]
[Date "2012.01.05"]
[Round "5"]
[White "Molner, Mackenzie"]
[Black "Kaufman, Raymond"]
[Result "1-0"]
[WhiteElo "2449"]
[BlackElo "2261"]
[PlyCount "69"]
[GameId "1166655177990144"]
[EventDate "2012.01.02"]
[EventType "swiss"]
[EventRounds "9"]
[EventCountry "USA"]
[SourceTitle "CBM 146 Extra"]
[Source "ChessBase"]
[SourceDate "2012.02.29"]
[SourceVersion "1"]
[SourceVersionDate "2012.02.29"]
[SourceQuality "1"]

1. d4 Nf6 2. c4 g6 3. Nc3 d5 4. Nf3 Bg7 5. Qb3 dxc4 6. Qxc4 O-O 7. e4 a6 8. Qb3 Nfd7 9. e5 Nb6 10. Be2 Nc6 11. Be3 Be6 12. Qa3 Nc4 13. Qc5 Nxe3 14. fxe3 Bg4 15. h3 Bd7 16. Rd1 e6 17. O-O Qe7 18. Ne4 Rad8 19. Rc1 b6 20. Qxe7 Nxe7 21. Bxa6 Nd5 22. Rfe1 Nb4 23. Bc4 c5 24. a3 Nc6 25. Nf6+ Bxf6 26. exf6 cxd4 27. exd4 Na5 28. Ba2 Ba4 29. Re3 Rd6 30. Rec3 Rfd8 31. Rc8 h6 32. R1c7 g5 33. Ne5 Be8 34. Rxd8 Rxd8 35. b4 1-0

[Event "Northern California op"]
[Site "Fremont"]
[Date "2012.01.05"]
[Round "6"]
[White "Kaufman, Raymond"]
[Black "Cornejo, Max"]
[Result "1/2-1/2"]
[WhiteElo "2261"]
[BlackElo "2411"]
[PlyCount "56"]
[GameId "1166655178063872"]
[EventDate "2012.01.02"]
[EventType "swiss"]
[EventRounds "9"]
[EventCountry "USA"]
[SourceTitle "CBM 146 Extra"]
[Source "ChessBase"]
[SourceDate "2012.02.29"]
[SourceVersion "1"]
[SourceVersionDate "2012.02.29"]
[SourceQuality "1"]

1. d4 d5 2. c4 e6 3. Nc3 c6 4. Nf3 dxc4 5. e3 b5 6. a4 Bb4 7. Bd2 Bb7 8. axb5 Bxc3 9. Bxc3 cxb5 10. b3 a5 11. bxc4 b4 12. Bb2 Nf6 13. Bd3 O-O 14. O-O Nbd7 15. c5 Qc7 16. Nd2 Rfd8 17. Nc4 a4 18. Nd6 a3 19. Bc1 Nb8 20. e4 Rxd6 21. Bf4 Nxe4 22. cxd6 Qc6 23. f3 Nc3 24. Qc2 Qd5 25. Bxh7+ Kh8 26. Qf2 Kxh7 27. Qh4+ Kg8 28. Qd8+ Kh7 1/2-1/2

[Event "Northern California op"]
[Site "Fremont"]
[Date "2012.01.06"]
[Round "7"]
[White "Kavutskiy, Konstantin"]
[Black "Kaufman, Raymond"]
[Result "0-1"]
[WhiteElo "2315"]
[BlackElo "2261"]
[PlyCount "72"]
[GameId "1166655178203136"]
[EventDate "2012.01.02"]
[EventType "swiss"]
[EventRounds "9"]
[EventCountry "USA"]
[SourceTitle "CBM 146 Extra"]
[Source "ChessBase"]
[SourceDate "2012.02.29"]
[SourceVersion "1"]
[SourceVersionDate "2012.02.29"]
[SourceQuality "1"]

1. d4 d5 2. c4 e6 3. Nf3 Nf6 4. Nc3 Be7 5. Bg5 h6 6. Bh4 O-O 7. e3 b6 8. Bd3 Bb7 9. O-O Nbd7 10. Qe2 Ne4 11. Bxe7 Qxe7 12. Bxe4 dxe4 13. Nd2 f5 14. a3 c5 15. f3 exf3 16. Nxf3 e5 17. d5 e4 18. Nd2 Ne5 19. Qh5 Bc8 20. b4 Ng4 21. Rfe1 cxb4 22. Nb5 Bd7 23. Nd4 Qe5 24. N2b3 a5 25. axb4 a4 26. Nd2 Nxe3 27. Qh3 f4 28. Nc6 Bxc6 29. dxc6 Nc2 30. Nf3 Qf6 31. Rxe4 Qxa1+ 32. Kf2 Ne3 33. Rxf4 Rxf4 34. Qe6+ Kh8 35. c7 Qf1+ 36. Kg3 Rg4+ 0-1

[Event "Northern California op"]
[Site "Fremont"]
[Date "2012.01.07"]
[Round "8"]
[White "Kaufman, Raymond"]
[Black "Remlinger, Larry"]
[Result "0-1"]
[WhiteElo "2261"]
[BlackElo "2402"]
[PlyCount "90"]
[GameId "1166655178309632"]
[EventDate "2012.01.02"]
[EventType "swiss"]
[EventRounds "9"]
[EventCountry "USA"]
[SourceTitle "CBM 146 Extra"]
[Source "ChessBase"]
[SourceDate "2012.02.29"]
[SourceVersion "1"]
[SourceVersionDate "2012.02.29"]
[SourceQuality "1"]

1. d4 Nf6 2. c4 g6 3. Nc3 Bg7 4. e4 d6 5. Nf3 O-O 6. Be2 e5 7. O-O exd4 8. Nxd4 Re8 9. f3 c6 10. Kh1 Nbd7 11. Bf4 Ne5 12. Qd2 a6 13. Rfd1 Qc7 14. Rac1 Nh5 15. Bg5 f5 16. exf5 gxf5 17. Bh6 Qf7 18. Bxg7 Nxg7 19. b3 Bd7 20. Nc2 Re6 21. f4 Ng4 22. Bf3 Rae8 23. h3 Nf6 24. Nd4 R6e7 25. Nde2 Ne4 26. Bxe4 fxe4 27. Qxd6 Nf5 28. Qc5 Qh5 29. Kh2 Rg7 30. Rg1 b6 31. Qxb6 Nh4 32. f5 Qxf5 33. Rcf1 Nf3+ 34. Kh1 Kh8 35. Rf2 Reg8 36. g4 h5 37. Ng3 Qh7 38. Ncxe4 hxg4 39. Rgg2 gxh3 40. Rxf3 hxg2+ 41. Kg1 Bg4 42. Rf4 Qh1+ 43. Nxh1 gxh1=Q+ 44. Kxh1 Bf3+ 45. Kh2 Rh7+ 0-1

[Event "Northern California op"]
[Site "Fremont"]
[Date "2012.01.08"]
[Round "9"]
[White "Coleman, Teddy"]
[Black "Kaufman, Raymond"]
[Result "1-0"]
[WhiteElo "2356"]
[BlackElo "2261"]
[PlyCount "79"]
[GameId "1166655178395648"]
[EventDate "2012.01.02"]
[EventType "swiss"]
[EventRounds "9"]
[EventCountry "USA"]
[SourceTitle "CBM 146 Extra"]
[Source "ChessBase"]
[SourceDate "2012.02.29"]
[SourceVersion "1"]
[SourceVersionDate "2012.02.29"]
[SourceQuality "1"]

1. d4 Nf6 2. c4 e6 3. Nc3 Bb4 4. f3 d5 5. a3 Bxc3+ 6. bxc3 c5 7. cxd5 Nxd5 8. dxc5 Qa5 9. e4 Ne7 10. Be3 O-O 11. Qb3 Qc7 12. Bb5 Nd7 13. Bxd7 Bxd7 14. Ne2 e5 15. c4 Nc6 16. Rd1 Be6 17. Rd5 Na5 18. Qb4 f5 19. exf5 Rxf5 20. O-O Re8 21. Ng3 Rff8 22. Ne4 Rd8 23. Rfd1 Kh8 24. Bg5 Rc8 25. Qc3 Nc6 26. Bh4 Nd4 27. R5xd4 exd4 28. Rxd4 Bf5 29. Bg3 Qc6 30. Nd6 Ra8 31. Rd5 Bg6 32. Be5 Rg8 33. f4 Raf8 34. f5 Bf7 35. f6 g5 36. Qd4 b6 37. Nxf7+ Rxf7 38. Rd7 Qe6 39. Qd5 Qxd5 40. cxd5 1-0

[Event "US Open-113"]
[Site "Vancouver"]
[Date "2012.08.11"]
[Round "8"]
[White "Pamatmat, Jarod John Munda"]
[Black "Kaufman, Raymond"]
[Result "1/2-1/2"]
[WhiteElo "2103"]
[BlackElo "2347"]
[PlyCount "69"]
[GameId "1166655867953152"]
[EventDate "2012.08.04"]
[EventType "swiss"]
[EventRounds "9"]
[EventCountry "USA"]
[SourceTitle "CBM 149 Extra"]
[Source "ChessBase"]
[SourceDate "2012.08.24"]
[SourceVersion "1"]
[SourceVersionDate "2012.08.24"]
[SourceQuality "1"]

1. d4 Nf6 2. c4 e6 3. Nf3 b6 4. g3 Bb7 5. Bg2 Bb4+ 6. Bd2 c5 7. O-O O-O 8. Bxb4 cxb4 9. Nbd2 d6 10. a3 bxa3 11. Rxa3 a5 12. Qb1 Na6 13. Rd1 Qe7 14. h3 Nb4 15. Rc3 h6 16. e4 Rfd8 17. Nh4 g5 18. e5 dxe5 19. dxe5 Ne8 20. Nhf3 Rd7 21. Re1 Rad8 22. Nf1 Qc5 23. Ree3 Rd1 24. Rc1 Rxc1 25. Qxc1 Rd3 26. Ne1 Rd7 27. Bxb7 Rxb7 28. Re4 Rd7 29. h4 Qc6 30. Qe3 Ng7 31. hxg5 Nf5 32. Qe2 Nd4 33. Qe3 Nf5 34. Qe2 Nd4 35. Qe3 1/2-1/2

[Event "North American op 22nd"]
[Site "Las Vegas"]
[Date "2012.12.27"]
[Round "3"]
[White "Nikhilesh, Kumar K"]
[Black "Kaufman, Raymond"]
[Result "1-0"]
[WhiteElo "2218"]
[BlackElo "2345"]
[PlyCount "47"]
[GameId "1166656485863424"]
[EventDate "2012.12.26"]
[EventType "swiss"]
[EventRounds "9"]
[EventCountry "USA"]
[SourceTitle "CBM 152 Extra"]
[Source "ChessBase"]
[SourceDate "2013.02.25"]
[SourceVersion "1"]
[SourceVersionDate "2013.02.25"]
[SourceQuality "1"]

1. e4 e6 2. d4 d5 3. Nd2 Nf6 4. e5 Nfd7 5. f4 c5 6. c3 Nc6 7. Ndf3 Qb6 8. g3 cxd4 9. cxd4 Bb4+ 10. Kf2 f6 11. Kg2 O-O 12. Bd3 Kh8 13. Ne2 fxe5 14. fxe5 Rxf3 15. Kxf3 Nxd4+ 16. Kg2 Nc6 17. Nf4 Ncxe5 18. Qh5 Nxd3 19. Qe8+ Bf8 20. Nxd3 Kg8 21. Bg5 Nf6 22. Bxf6 gxf6 23. Rac1 Qa6 24. Rc7 1-0

[Event "Arlington DC op 1st"]
[Site "Arlington"]
[Date "2013.06.27"]
[Round "2"]
[White "Ulrich, Thomas M"]
[Black "Kaufman, Raymond"]
[Result "1-0"]
[WhiteElo "2259"]
[BlackElo "2356"]
[PlyCount "105"]
[GameId "1166657011847168"]
[EventDate "2013.06.27"]
[EventType "swiss"]
[EventRounds "9"]
[EventCountry "USA"]
[SourceTitle "CBM 155 Extra"]
[Source "ChessBase"]
[SourceDate "2013.08.26"]
[SourceVersion "1"]
[SourceVersionDate "2013.08.26"]
[SourceQuality "1"]

1. d4 d5 2. c4 c6 3. Nf3 Nf6 4. Nc3 dxc4 5. a4 Bf5 6. Ne5 Nbd7 7. Nxc4 Nb6 8. Ne5 a5 9. g3 e6 10. Bg2 Bb4 11. O-O h6 12. e3 O-O 13. Qe2 Qe7 14. e4 Bh7 15. f3 Rfd8 16. Be3 c5 17. dxc5 Bxc5 18. Rfd1 Qc7 19. Nd3 Bxe3+ 20. Qxe3 Nc4 21. Qf2 Rd7 22. Nb5 Qd8 23. Qe2 Qb6+ 24. Nf2 Ne3 25. Rxd7 Nxd7 26. Ra3 Nxg2 27. Kxg2 Nc5 28. Qc4 Rd8 29. Rc3 Na6 30. Rd3 Nb4 31. Qc5 Qxc5 32. Rxd8+ Qf8 33. Rxf8+ Kxf8 34. Nd6 b6 35. Nc8 f5 36. Nxb6 fxe4 37. fxe4 Ke7 38. Kf3 e5 39. Nc4 Nc6 40. Nd3 Kf6 41. Nc5 Bg8 42. Nd7+ Ke6 43. Ndb6 Bh7 44. Ke3 Bg6 45. Nd5 Bh7 46. Kd3 Bg6 47. Nd2 Bh5 48. Kc4 Kd6 49. Kb5 Be2+ 50. Kb6 Bd3 51. Ne3 Kd7 52. Nec4 Bc2 53. b3 1-0

[Event "Arlington DC op 1st"]
[Site "Arlington"]
[Date "2013.06.29"]
[Round "6"]
[White "Arias Gaviria, Mario Alexis"]
[Black "Kaufman, Raymond"]
[Result "1-0"]
[WhiteElo "2130"]
[BlackElo "2356"]
[PlyCount "57"]
[GameId "1166657012097024"]
[EventDate "2013.06.27"]
[EventType "swiss"]
[EventRounds "9"]
[EventCountry "USA"]
[SourceTitle "CBM 155 Extra"]
[Source "ChessBase"]
[SourceDate "2013.08.26"]
[SourceVersion "1"]
[SourceVersionDate "2013.08.26"]
[SourceQuality "1"]

1. d4 Nf6 2. c4 c5 3. d5 b5 4. cxb5 a6 5. e3 g6 6. Nc3 Qa5 7. Bd2 Bg7 8. Nf3 axb5 9. Nxb5 Qb6 10. Bc3 d6 11. a4 O-O 12. Bc4 Na6 13. O-O Nc7 14. Nxc7 Qxc7 15. Nd2 e6 16. e4 exd5 17. exd5 Re8 18. Bb5 Re7 19. Qf3 Ng4 20. Bxg7 Kxg7 21. Qc3+ f6 22. h3 Nh6 23. g4 Nf7 24. f4 h6 25. g5 hxg5 26. fxg5 Nxg5 27. Qxf6+ Kh6 28. Bd3 Rg7 29. Qf4 1-0

[Event "Alajuela op 5th"]
[Site "Alajuela"]
[Date "2014.01.23"]
[Round "4"]
[White "Ramirez Alvarez, Alejandro"]
[Black "Kaufman, Raymond"]
[Result "1-0"]
[WhiteElo "2600"]
[BlackElo "2300"]
[PlyCount "59"]
[GameId "1166657864200192"]
[EventDate "2014.01.22"]
[EventType "swiss"]
[EventRounds "9"]
[EventCountry "CRI"]
[SourceTitle "CBM 158 Extra"]
[Source "ChessBase"]
[SourceDate "2014.02.28"]
[SourceVersion "1"]
[SourceVersionDate "2014.02.28"]
[SourceQuality "1"]

1. Nf3 Nf6 2. c4 c5 3. g3 g6 4. Bg2 Bg7 5. O-O O-O 6. d4 cxd4 7. Nxd4 d5 8. cxd5 Nxd5 9. Nc3 Nxc3 10. bxc3 Qc7 11. Qb3 Nc6 12. Nxc6 bxc6 13. Bf4 e5 14. Be3 Be6 15. Qa4 Bd5 16. Rfd1 Rfd8 17. c4 Bxg2 18. Kxg2 h5 19. Rab1 Rxd1 20. Rxd1 a5 21. Rb1 Qd7 22. c5 h4 23. gxh4 Qd5+ 24. Kg1 Ra7 25. Rd1 Qe6 26. Kh1 Rb7 27. Qxa5 Rb2 28. Rg1 Kh7 29. h5 Bf8 30. Qc7 1-0

[Event "Alajuela op 5th"]
[Site "Alajuela"]
[Date "2014.01.24"]
[Round "5"]
[White "Kaufman, Raymond"]
[Black "Fernandez Sanchez, Mario Andres"]
[Result "1-0"]
[WhiteElo "2300"]
[BlackElo "2097"]
[PlyCount "41"]
[GameId "1166657864224768"]
[EventDate "2014.01.22"]
[EventType "swiss"]
[EventRounds "9"]
[EventCountry "CRI"]
[SourceTitle "CBM 158 Extra"]
[Source "ChessBase"]
[SourceDate "2014.02.28"]
[SourceVersion "1"]
[SourceVersionDate "2014.02.28"]
[SourceQuality "1"]

1. d4 d5 2. c4 c6 3. Nf3 Nf6 4. e3 g6 5. Nc3 Bg7 6. Be2 O-O 7. O-O a6 8. Ne5 c5 9. cxd5 Nxd5 10. Nxd5 Qxd5 11. Bf3 Qd8 12. Qb3 Ra7 13. Rd1 cxd4 14. exd4 b5 15. Bf4 e6 16. a4 Bd7 17. d5 exd5 18. Bxd5 bxa4 19. Bxf7+ Kh8 20. Qe3 Rb7 21. Rxd7 1-0

[Event "San Diego Recession Buster op 3rd"]
[Site "San Diego"]
[Date "2014.02.17"]
[Round "5"]
[White "Matamoros Franco, Carlos S"]
[Black "Kaufman, Raymond"]
[Result "1-0"]
[WhiteElo "2537"]
[BlackElo "2307"]
[PlyCount "55"]
[GameId "1099807617769472"]
[EventDate "2014.02.15"]
[EventType "swiss"]
[EventRounds "6"]
[EventCountry "USA"]
[SourceTitle "EXT 2018"]
[Source "ChessBase"]
[SourceDate "2017.10.13"]
[SourceVersion "1"]
[SourceVersionDate "2017.10.13"]
[SourceQuality "1"]

1. c4 Nf6 2. g3 e5 3. Bg2 c6 4. Nc3 d5 5. d4 exd4 6. Qxd4 Be6 7. cxd5 cxd5 8. Be3 Nc6 9. Qa4 Bb4 10. Nf3 Ne4 11. Rc1 Qf6 12. Bd4 Qh6 13. O-O O-O 14. Be3 Qh5 15. Nxe4 dxe4 16. Ng5 Bd7 17. Nxe4 Qxe2 18. Rxc6 Bxc6 19. Qxb4 a5 20. Qb3 a4 21. Qb4 a3 22. bxa3 Qxa2 23. Nf6+ Kh8 24. Bxc6 bxc6 25. Qe4 gxf6 26. Bd4 Qe6 27. Qf4 Rfc8 28. Qg5 1-0